Abraham Lincoln and the Jews /

Gorde:
Xehetasun bibliografikoak
Egile nagusia: Markens, Isaac
Formatua: Liburua
Hizkuntza:English
Argitaratua: New York : Printed for the author, 1909.
Gaiak:
LEADER 00953nam a2200253 a 4500
001 c000192768
003 CARM
005 20021125001600.0
008 840418s1909 nyu 00010 eng d
019 1 |a 3127250  |5 LACONCORD2021 
035 |a (OCoLC)819127  |5 LACONCORD2021 
040 |a NUN  |c NUN 
043 |a n-us--- 
082 1 |a 973.7/0924  |2 19 
100 1 |a Markens, Isaac. 
245 1 0 |a Abraham Lincoln and the Jews /  |c by Isaac Markens. 
260 |a New York :  |b Printed for the author,  |c 1909. 
300 |a 60 p. ;  |c 23 cm. 
600 1 0 |a Lincoln, Abraham,  |d 1809-1865  |x Relations with Jews. 
650 0 |a Jews  |z United States  |x History  |y 19th century. 
651 0 |a United States  |x History  |y Civil War, 1861-1865  |x Jews. 
852 8 |b CARM  |h A2:AK13A0  |i B06087  |p 0294228  |f BK 
999 f f |i 3346c58a-8cbf-5aec-9cbe-9665989e7297  |s 9f3b81f8-48df-5969-941c-b215f3ed5919 
952 f f |p Can circulate  |a CAVAL  |b CAVAL  |c CAVAL  |d CARM 1 Store  |e B06087  |f A2:AK13A0  |h Other scheme  |i book  |m 0294228